Reliability and degradation of III-V optical devices / (Record no. 7489)
[ view plain ]
| 000 -LEADER | |
|---|---|
| fixed length control field | 00943nac a22002531u 4500 |
| 010 ## - LIBRARY OF CONGRESS CONTROL NUMBER | |
| LC control number | 96026600 |
| 020 ## - INTERNATIONAL STANDARD BOOK NUMBER | |
| International Standard Book Number | 0890066523 (alk. paper) |
| 082 00 - DEWEY DECIMAL CLASSIFICATION NUMBER | |
| Classification number | 621.3693 |
| Item number | UED |
| 090 ## - LOCALLY ASSIGNED LC-TYPE CALL NUMBER (OCLC); LOCAL CALL NUMBER (OCLC) | |
| -- | 7489 |
| -- | 7489 |
| 100 ## - MAIN ENTRY--PERSONAL NAME | |
| Personal name | Ueda, Osamu. |
| 245 10 - TITLE STATEMENT | |
| Title | Reliability and degradation of III-V optical devices / |
| Statement of responsibility, etc | Osamu Ueda. |
| 246 3# - VARYING FORM OF TITLE | |
| Title proper/short title | Reliability and degradation of 3-5 optical devices |
| 246 3# - VARYING FORM OF TITLE | |
| Title proper/short title | Reliability and degradation of three-five optical devices |
| 260 ## - PUBLICATION, DISTRIBUTION, ETC. (IMPRINT) | |
| Place of publication, distribution, etc | Boston : |
| Name of publisher, distributor, etc | Artech House,1996 |
| Date of publication, distribution, etc | c1996. |
| 300 ## - PHYSICAL DESCRIPTION | |
| Extent | xii, 353 p. : |
| Other physical details | ill. ; |
| Dimensions | 24 cm. |
| 500 ## - GENERAL NOTE | |
| General note | distributer: Al-Ahram |
| 504 ## - BIBLIOGRAPHY, ETC. NOTE | |
| Bibliography, etc | Includes bibliographical references and index. |
| 511 ## - PARTICIPANT OR PERFORMER NOTE | |
| Participant or performer note | catalogued by: wessam |
| 650 #0 - SUBJECT ADDED ENTRY--TOPICAL TERM | |
| Topical term or geographic name as entry element | Gallium arsenide semiconductors |
| General subdivision | Reliability. |
| 650 #0 - SUBJECT ADDED ENTRY--TOPICAL TERM | |
| Topical term or geographic name as entry element | Semiconductors |
| General subdivision | Failures. |
| 650 #0 - SUBJECT ADDED ENTRY--TOPICAL TERM | |
| Topical term or geographic name as entry element | Light emitting diodes |
| General subdivision | Reliability. |
| 650 #0 - SUBJECT ADDED ENTRY--TOPICAL TERM | |
| Topical term or geographic name as entry element | Crystals |
| General subdivision | Defects. |
| 942 ## - ADDED ENTRY ELEMENTS (KOHA) | |
| Item type | Book - Borrowing |
| Call number prefix | 621.3693UED |
| Withdrawn status | Item status | Damaged status | Not for loan | Home library | Current library | Shelving location | Date acquired | Source of acquisition | Total Checkouts | Full call number | Barcode | Date last seen | Koha item type |
|---|---|---|---|---|---|---|---|---|---|---|---|---|---|
| Central Library | Central Library | First floor | 24/01/2008 | Purchase | 621.3693UED | 000008919 | 15/07/2025 | Book - Borrowing |